| 000 | 07238nam a22008535i 4500 | ||
|---|---|---|---|
| 005 | 20230718140434.0 | ||
| 006 | m|||||o||d|||||||| | ||
| 007 | cr || |||||||| | ||
| 008 | 221201t20162016gw fo d z eng d | ||
| 010 | _a2016024470 | ||
| 019 | _a(OCoLC)979585857 | ||
| 020 | _a9783110453539 | ||
| 040 |
_aDE-B1597 _beng _cDE-B1597 _erda |
||
| 041 | 0 | _aeng | |
| 050 | 0 | 0 |
_aDAW1051 _b.D57 2016 |
| 082 | 0 | 4 | _a800 |
| 084 |
_aKD 5060 _2rvk _0(DE-625)rvk/72192: |
||
| 245 | 0 | 0 |
_aDisputed Memory : _bEmotions and Memory Politics in Central, Eastern and South-Eastern Europe / _ced. by Tea Sindbæk Andersen, Barbara Törnquist-Plewa. |
| 264 | 1 |
_aBerlin ; _aBoston : _bDe Gruyter, _c[2016] |
|
| 264 | 4 | _c©2016 | |
| 300 | _a1 online resource (IV, 383 p.) | ||
| 336 |
_atext _btxt _2rdacontent |
||
| 337 |
_acomputer _bc _2rdamedia |
||
| 338 |
_aonline resource _bcr _2rdacarrier |
||
| 347 |
_atext file _bPDF _2rda |
||
| 490 | 0 |
_aMedia and Cultural Memory / Medien und kulturelle Erinnerung , _x1613-8961 ; _v24 |
|
| 505 | 0 | 0 |
_tFrontmatter -- _tTable of Contents -- _tIntroduction: Disputed Memories in Central, Eastern and South-Eastern Europe -- _tPart 1: Transnational Memory Politics -- _tGlobal Memory and Dialogic Forgetting: The Armenian Case -- _tOvercoming Memory Conflicts: Russia, Finland and the Second World War -- _tSorry for Srebrenica? Public Apologies and Genocide in the Western Balkans -- _tPart 2: Sites of Memory Transmission -- _tThe Spatial Choreography of Emotion at Berlin's Memorials: Experience, Ambivalence and the Ethics of Secondary Witnessing -- _tThe Universal Victim - Representing Jews and Roma in a European Holocaust Museum -- _tThe Memory of the Roma Holocaust in Ukraine: Mass Graves, Memory Work and the Politics of Commemoration -- _tPart 3: Local and Marginal Memory -- _tForced Migration and Identity in the Memories of Post-War Expellees from Poland and Ukraine -- _tForming a Common European Memory of WWII from a Peripheral Perspective: Anthropological Insight into the Struggle for Recognition of Estonians' WWII Memories in Europe -- _tRed Carnations on Victory Day and Military Marches on UPA Day? Remembered History of WWII in Ukraine -- _tPart 4: Memorial Media Spaces -- _tFraming the Ukrainian Insurgent Army and the Latvian Legion: Transnational History-Writing on Wikipedia -- _tNegotiating Memory in Online Social Networks: Ukrainian and Ukrainian-Russian Discussions of Soviet Rule and Anti-Soviet Resistance -- _tFootball and Memories of Croatian Fascism on Facebook -- _tCollective Memory and Institutional Reform in Albania -- _tClashes between National and Post-national European Views on Commemorating the Past: The Case of the Centennial Hall in Wrocław -- _tNotes on contributors -- _tIndex of names -- _tSubject index |
| 506 | 0 |
_funrestricted online access _2star |
|
| 520 | _aThe world wars, genocides and extremist ideologies of the 20th century are remembered very differently across Central, Eastern and Southeastern Europe, resulting sometimes in fierce memory disputes. This book investigates the complexity and contention of the layers of memory of the troubled 20th century in the region. Written by an international group of scholars from a diversity of disciplines, the chapters approach memory disputes in methodologically innovative ways, studying representations and negotiations of disputed pasts in different media, including monuments, museum exhibitions, individual and political discourse and electronic social media. Analyzing memory disputes in various local, national and transnational contexts, the chapters demonstrate the political power and social impact of painful and disputed memories. The book brings new insights into current memory disputes in Central, Eastern and Southeastern Europe. It contributes to the understanding of processes of memory transmission and negotiation across borders and cultures in Europe, emphasizing the interconnectedness of memory with emotions, mediation and politics. | ||
| 530 | _aIssued also in print. | ||
| 536 | _afunded by Knowledge Unlatched | ||
| 538 | _aMode of access: Internet via World Wide Web. | ||
| 540 |
_aThis eBook is made available Open Access under a CC BY-NC-ND 4.0 license: _uhttps://creativecommons.org/licenses/by-nc-nd/4.0 _uhttps://www.degruyter.com/dg/page/open-access-policy |
||
| 546 | _aIn English. | ||
| 588 | 0 | _aDescription based on online resource; title from PDF title page (publisher's Web site, viewed 01. Dez 2022) | |
| 650 | 0 |
_aCollective memory _xPolitical aspects. |
|
| 650 | 0 |
_aEmotions _xPolitical aspects. |
|
| 650 | 0 |
_aWorld War, 1939-1945 _xInfluence. |
|
| 650 | 0 |
_aWorld War, 1939-1945 _xSocial aspects. |
|
| 650 | 4 | _a20. Jahrhundert. | |
| 650 | 4 | _aErinnerungskultur. | |
| 650 | 4 | _aErinnerungspolitik. | |
| 650 | 4 | _aOsteuropa. | |
| 650 | 4 | _aZentraleuropa. | |
| 650 | 7 |
_aSOCIAL SCIENCE / General. _2bisacsh |
|
| 653 | _a20th century. | ||
| 653 | _aCentral, Eastern and South-Eastern Europe. | ||
| 653 | _aMemory disputes. | ||
| 653 | _amemory politics. | ||
| 700 | 1 |
_aAndersen, Tea Sindbæk, _econtributor. _4ctb _4https://id.loc.gov/vocabulary/relators/ctb |
|
| 700 | 1 |
_aDenti, Davide, _econtributor. _4ctb _4https://id.loc.gov/vocabulary/relators/ctb |
|
| 700 | 1 |
_aForsberg, Tuomas, _econtributor. _4ctb _4https://id.loc.gov/vocabulary/relators/ctb |
|
| 700 | 1 |
_aGjevori, Elvin, _econtributor. _4ctb _4https://id.loc.gov/vocabulary/relators/ctb |
|
| 700 | 1 |
_aKaprāns, Mārtiņš, _econtributor. _4ctb _4https://id.loc.gov/vocabulary/relators/ctb |
|
| 700 | 1 |
_aKotljarchuk, Andrej, _econtributor. _4ctb _4https://id.loc.gov/vocabulary/relators/ctb |
|
| 700 | 1 |
_aKulyk, Volodymyr, _econtributor. _4ctb _4https://id.loc.gov/vocabulary/relators/ctb |
|
| 700 | 1 |
_aMelchior, Inge, _econtributor. _4ctb _4https://id.loc.gov/vocabulary/relators/ctb |
|
| 700 | 1 |
_aMeyer, Birga U., _econtributor. _4ctb _4https://id.loc.gov/vocabulary/relators/ctb |
|
| 700 | 1 |
_aOliver, Sophie, _econtributor. _4ctb _4https://id.loc.gov/vocabulary/relators/ctb |
|
| 700 | 1 |
_aPietraszewski, Igor, _econtributor. _4ctb _4https://id.loc.gov/vocabulary/relators/ctb |
|
| 700 | 1 |
_aSindbæk Andersen, Tea, _eeditor. _4edt _4http://id.loc.gov/vocabulary/relators/edt |
|
| 700 | 1 |
_aStokholm Banke, Cecilie Felicia, _econtributor. _4ctb _4https://id.loc.gov/vocabulary/relators/ctb |
|
| 700 | 1 |
_aTörnquist-Plewa, Barbara, _econtributor. _4ctb _4https://id.loc.gov/vocabulary/relators/ctb |
|
| 700 | 1 |
_aTörnquist-Plewa, Barbara, _eeditor. _4edt _4http://id.loc.gov/vocabulary/relators/edt |
|
| 700 | 1 |
_aWylegała, Anna, _econtributor. _4ctb _4https://id.loc.gov/vocabulary/relators/ctb |
|
| 700 | 1 |
_aYurchuk, Yuliya, _econtributor. _4ctb _4https://id.loc.gov/vocabulary/relators/ctb |
|
| 710 | 2 |
_aKnowledge Unlatched _efunder. _4fnd _4http://id.loc.gov/vocabulary/relators/fnd |
|
| 776 | 0 |
_cEPUB _z9783110453348 |
|
| 776 | 0 |
_cprint _z9783110437638 |
|
| 856 | 4 | 0 |
_uhttps://doi.org/10.1515/9783110453539 _zOpen Access _70 |
| 856 | 4 | 0 |
_uhttps://www.degruyter.com/isbn/9783110453539 _zOpen Access _70 |
| 856 | 4 | 2 |
_3Cover _uhttps://www.degruyter.com/document/cover/isbn/9783110453539/original |
| 942 | _cE-BOOK | ||
| 999 |
_c71603 _d71602 |
||